Nuclear energy agency

Spremljeno u:
Bibliografski detalji
Format: Knjiga
Jezik:Undetermined
Izdano: Paris OECD 1972
Teme:
Oznake: Dodaj oznaku
Bez oznaka, Budi prvi tko označuje ovaj zapis!
Thư viện lưu trữ: Trung tâm Học liệu Trường Đại học Cần Thơ
LEADER 00385nam a2200157Ia 4500
001 CTU_99671
008 210402s9999 xx 000 0 und d
082 |a 621.48305 
082 |b N964 
245 0 |a Nuclear energy agency 
260 |a Paris 
260 |b OECD 
260 |c 1972 
650 |a Nuclear energy 
904 |i Truc 
980 |a Trung tâm Học liệu Trường Đại học Cần Thơ